000 00615nam a22001457a 4500
020 _a0-446-51567-1
082 _a823
_bBON/C
100 _aBOND, LARRY
245 _aCAULDRON
260 _aUNITED STATES
_bWARNER BOOKS
_c1993
300 _a569
520 _aStory. The main plot takes place in 1998. Because North African immigrants are flooding Europe looking for work, riots in France and Germany prompts both countries to force a number of former Warsaw Pact nations to accept them in various factories. The first of these is a Eurocopter plant in Hungary.
650 _aENGLISH NOVEL
_zUNITED STATES
942 _cBK
999 _c1999
_d1999